[Event "Mechanics' Spring TNM; G/2"]
[Site "San Francisco"]
[Date "2017.04.04"]
[Round "4.14"]
[White "Cheng, Alfonso"]
[Black "Casares Jr, Nick"]
[Result "1-0"]
[WhiteElo "1913"]
[BlackElo "1600"]
[Annotator "Donaldson"]
[PlyCount "59"]
[EventDate "2017.??.??"]

1. e4 e5 2. Nf3 Nc6 3. Bc4 Nf6 4. Ng5 d5 5. exd5 Na5 6. Bb5+ c6 7. dxc6 bxc6 8.
Be2 h6 9. Nf3 e4 10. Ne5 Bd6 11. d4 exd3 12. Nxd3 O-O 13. O-O Qc7 14. h3 Be6 (
14... Bf5 {and}) (14... c5 {are more common.}) 15. Nd2 Rad8 (15... c5) 16. b3
Rfe8 (16... c5 17. Bb2 c4) 17. Bb2 Nd5 18. Bg4 Nf4 19. Ne4 Bd5 $2 (19... Nxd3)
20. Nxd6 Qxd6 21. Nxf4 Qxf4 22. Qd4 Qxd4 23. Bxd4 Bxg2 24. Kxg2 (24. Rfd1 Be4
25. Bxa7) 24... Rxd4 25. Rad1 Red8 26. Rxd4 Rxd4 27. Rd1 c5 28. Rxd4 cxd4 29.
Bf3 f6 30. Bd5+ 1-0

[Event "Mechanics' Fall TNM; G/2 d5"]
[Site "San Francisco"]
[Date "2017.11.14"]
[Round "4.1"]
[White "Cheng, Alfonso"]
[Black "Diaz, Conrado"]
[Result "0-1"]
[WhiteElo "1952"]
[BlackElo "2299"]
[PlyCount "80"]
[EventDate "2017.??.??"]

1. e4 d5 2. exd5 Qxd5 3. Nc3 Qa5 4. d4 c6 5. Nf3 Nf6 6. a3 Bf5 7. Bd3 Bxd3 8.
Qxd3 e6 9. O-O Nbd7 10. Bf4 Nd5 11. Nxd5 cxd5 12. Rfe1 Be7 13. Ng5 Bxg5 14.
Bxg5 Qc7 15. Re3 Rc8 16. c3 Qc4 17. Qf5 O-O 18. Qg4 f5 19. Qh4 Rfe8 20. Rae1
Nf8 21. Rg3 Rc7 22. Bf4 Rf7 23. Rh3 Qc6 24. Be5 Qb6 25. b4 Ree7 26. a4 Rd7 27.
g4 fxg4 28. Qxg4 Rf5 29. Rg3 Ng6 30. Rge3 Rdf7 31. Bg3 R7f6 32. h4 h5 33. Qe2
Nf8 34. Re5 Qc6 35. Qd3 Qxa4 36. Rxf5 exf5 37. Re7 f4 38. Bh2 Qa1+ 39. Kg2 f3+
40. Kh3 Qh1 0-1

[Event "Mechanics' Fall TNM; G/2 d5"]
[Site "San Francisco"]
[Date "2017.12.19"]
[Round "9.12"]
[White "Cheng, Alfonso"]
[Black "Gomboluudev, Enkhjin"]
[Result "1-0"]
[WhiteElo "1952"]
[BlackElo "1665"]
[Annotator "Donaldson"]
[PlyCount "67"]
[EventDate "2017.??.??"]

1. e4 e5 2. f4 d5 3. exd5 exf4 4. Nf3 Nf6 5. Bb5+ Bd7 6. Bxd7+ Qxd7 7. c4 b5 8.
b3 Qe7+ 9. Qe2 Qxe2+ 10. Kxe2 bxc4 11. bxc4 Nbd7 12. Re1 Nb6 13. Kf1+ Be7 14.
d3 Nh5 15. Ba3 Nc8 16. Nc3 a6 17. Re5 (17. Rxe7+ Nxe7 18. Re1) 17... f6 18. Re6
(18. Rxh5 Bxa3) 18... Kf7 19. c5 Rd8 20. Nd4 Bf8 21. Rae1 f3 22. g3 Ne7 23. Nc6
Nxc6 24. Rxc6 Ra7 25. Ree6 f5 26. Rxa6 Rxa6 27. Rxa6 Nf6 28. d6 cxd6 29. c6 Rc8
30. Nb5 Rb8 31. c7 Rc8 32. Bxd6 Bxd6 33. Nxd6+ Ke7 34. Nxc8+ 1-0

[Event "Mechanics' Spring TNM; G/2"]
[Site "San Francisco"]
[Date "2017.04.18"]
[Round "6.15"]
[White "Cheng, Alfonso"]
[Black "Newey, Richard"]
[Result "1-0"]
[WhiteElo "1913"]
[BlackElo "1721"]
[PlyCount "65"]
[EventDate "2017.??.??"]

1. Nf3 Nf6 2. d4 d5 3. c4 c6 4. Nc3 e6 5. Bg5 Be7 6. e3 Nbd7 7. Bd3 Nf8 8. h4
dxc4 9. Bxc4 Nd5 10. e4 Nxc3 11. bxc3 b5 12. Bb3 Qc7 13. Qd2 Bb7 14. Bf4 Bd6
15. e5 Ba3 16. O-O Rd8 17. Qe2 Rd7 18. Rad1 Ng6 19. Bg3 Ne7 20. Ng5 Nd5 21. Ne4
O-O 22. Nf6+ Nxf6 23. exf6 Qd8 24. fxg7 Re8 25. Qh5 Qf6 26. Bc2 Qxg7 27. Be5
Rd5 28. Rd3 Rxe5 29. dxe5 Kf8 30. Rg3 Qh8 31. Bxh7 Ke7 32. Rd1 Rg8 33. Rxg8 1-0

[Event "Mechanics' Fall TNM; G/2 d5"]
[Site "San Francisco"]
[Date "2017.11.07"]
[Round "3.3"]
[White "Cheng, Alfonso"]
[Black "O'Connor, Derek"]
[Result "1-0"]
[WhiteElo "1952"]
[BlackElo "2285"]
[PlyCount "59"]
[EventDate "2017.??.??"]

1. e4 c6 2. d4 d5 3. e5 Bf5 4. c3 e6 5. Be2 Ne7 6. Nf3 h6 7. O-O Nd7 8. Nh4 Bh7
9. Nd2 Qc7 10. f4 O-O-O 11. g4 h5 12. gxh5 g6 13. Ndf3 gxh5 14. Ng5 Ng6 15. Ng2
Nb6 16. Bxh5 Bg7 17. Qg4 Qd7 18. Nxh7 Rxh7 19. Bxg6 fxg6 20. Qxg6 Rdh8 21. h4
Rh5 22. f5 exf5 23. Bg5 Rxg5 24. hxg5 f4 25. e6 Qe7 26. Rxf4 Bf8 27. Raf1 Qd8
28. Rxf8 Rxf8 29. Rxf8 Qxf8 30. Qf7 1-0

[Event "Mechanics' Spring TNM; G/2"]
[Site "San Francisco"]
[Date "2017.05.02"]
[Round "8.15"]
[White "Cheng, Alfonso"]
[Black "Sherwood, Peter"]
[Result "1-0"]
[WhiteElo "1913"]
[BlackElo "1703"]
[Annotator "Donaldson"]
[PlyCount "61"]
[EventDate "2017.??.??"]

1. Nf3 Nf6 2. d4 d5 3. c4 c6 4. Nc3 e6 (4... dxc4) (4... a6) 5. Bg5 Be7 (5...
Nbd7 6. e3 Qa5 {is the Cambridge Springs}) (5... h6 {The Moscow Variation}) (
5... dxc4 {The Botvinnik. The text transposes to a Queen's Gambit Declined
where Black has committed to ...c6 quite early.}) 6. e3 O-O 7. Bd3 dxc4 8. Bxc4
Nbd7 9. Qd2 Nb6 $2 (9... Nd5 {
trades pieces and allows Black to play for ..e5 or ...b6 and ...Bb7.}) (9... c5
{also makes sense.}) 10. Bd3 Nbd5 11. e4 Nb6 $2 (11... Nxc3 12. bxc3 c5 {
is the lesser evil.}) 12. Qf4 (12. O-O) 12... Re8 (12... Nh5 13. Qh4 Bxg5 14.
Nxg5 g6 {was better.}) 13. Rd1 Nbd7 $6 (13... Nh5) 14. h4 Nh5 {
No longer effective once h4 has been played.} 15. Qh2 Nf8 16. g4 (16. e5) 16...
Nf6 17. Qf4 Qb6 18. Rd2 Bd7 19. h5 h6 $2 20. Bxf6 Bxf6 21. e5 Bg5 (21... Be7
22. g5) 22. Nxg5 hxg5 23. Qxg5 c5 24. h6 Ng6 25. hxg7 Qd8 26. Rh8+ Nxh8 27.
gxh8=Q+ Kxh8 28. Qh6+ Kg8 29. Bh7+ Kh8 30. Bg6+ Kg8 31. Qh7+ 1-0

[Event "Mechanics' Spring TNM; G/2"]
[Site "San Francisco"]
[Date "2017.03.21"]
[Round "2.1"]
[White "Cheng, Alfonso"]
[Black "Winslow, Elliott C"]
[Result "0-1"]
[WhiteElo "1913"]
[BlackElo "2310"]
[Annotator "Winslow"]
[PlyCount "84"]
[EventDate "2017.??.??"]

1. e4 c5 2. Nf3 e6 3. d4 cxd4 4. Nxd4 a6 5. Be3 Nf6 6. Nc3 Bb4 7. f3 Qc7 8. Qd2
d5 9. Bd3 e5 10. Nde2 d4 11. Nxd4 exd4 12. Bxd4 Nc6 13. Bf2 Be6 14. a3 Ba5 (
14... Bd6) 15. O-O O-O 16. Bh4 Nd7 (16... Qb6+ 17. Kh1 Qxb2 18. Bxf6 gxf6 19.
Qh6 Qxc3 20. e5) 17. Kh1 f6 18. b4 Bb6 19. Nd5 Qd8 20. f4 Qe8 21. Rae1 Bd8 22.
c4 Kh8 23. Bf2 Qf7 24. Ne3 Nb6 25. Qc3 Bc7 26. Bg1 Rac8 27. Rf3 Rfd8 28. Nd5
Na8 29. Qc2 Bb8 30. Qf2 h6 31. Qh4 b5 32. Bc5 bxc4 33. Bxc4 f5 34. Ne3 Bxc4 35.
Nxf5 Kh7 36. Rg3 Rg8 37. Rh3 Qg6 38. Rg3 Qe6 39. Ree3 Rcd8 40. h3 Rd1+ 41. Kh2
g5 42. fxg5 Rxg5 {He played 43.Rxg5 ??!, I pointed out it was illegal, he
tipped his king, I put the rook back and his king upright, he thought for 5 of
his remaining 12 seconds and resigned.} 0-1

[Event "Mechanics' Spring TNM; G/2"]
[Site "San Francisco"]
[Date "2017.05.02"]
[Round "8.33"]
[White "Cheng, Andrew Ys"]
[Black "Malykin, Erika"]
[Result "0-1"]
[WhiteElo "1353"]
[BlackElo "1567"]
[PlyCount "92"]
[EventDate "2017.??.??"]

1. e4 e6 2. Nf3 Nf6 3. Nc3 Bb4 4. a3 Bxc3 5. bxc3 Nxe4 6. d3 Nxc3 7. Qd2 Nd5 8.
Bb2 f6 9. g3 Nc6 10. Bg2 Nde7 11. O-O d5 12. Rfe1 O-O 13. d4 Bd7 14. Rac1 Ng6
15. c4 dxc4 16. Rxc4 Nce7 17. Qc2 Nd5 18. a4 Nb6 19. Rxc7 Bxa4 20. Qc1 Bc6 21.
Rxc6 bxc6 22. Qxc6 Re8 23. Rxe6 Ne7 24. Qc2 Rc8 25. Qe2 Nc4 26. h4 Kf8 27. Kh2
Qc7 28. Bh3 Nd5 29. Rxe8+ Rxe8 30. Qc2 Rb8 31. Qxh7 Rxb2 32. Qh8+ Kf7 33. Ng5+
fxg5 34. Qh5+ Ke7 35. Qxg5+ Kd6 36. Bg2 Ncb6 37. Qe5+ Kc6 38. Qe6+ Qd6 39. Qe8+
Qd7 40. Qg6+ Kc7 41. Qe4 Rxf2 42. Qe5+ Kc8 43. Qh5 a5 44. Kg1 Rxg2+ 45. Kxg2
Ne3+ 46. Kf3 Qd5+ 0-1

[Event "Mechanics' Spring TNM; G/2"]
[Site "San Francisco"]
[Date "2017.04.18"]
[Round "6.27"]
[White "Cheng, Andrew Ys"]
[Black "McKellar, Daniel"]
[Result "0-1"]
[WhiteElo "1353"]
[BlackElo "1744"]
[PlyCount "94"]
[EventDate "2017.??.??"]

1. e4 c5 2. Nf3 g6 3. Bc4 Bg7 4. O-O Nc6 5. Nc3 Nf6 6. Re1 O-O 7. d3 d6 8. Bg5
a6 9. Qd2 Bg4 10. Qe3 b5 11. Bb3 e6 12. e5 dxe5 13. Nxe5 Nxe5 14. Qxe5 h6 15.
Bh4 g5 16. Bg3 Nd5 17. Qd6 Nxc3 18. bxc3 Bxc3 19. Qxc5 Rc8 20. Qe3 Bd4 21. Qe4
Bf5 22. Qe2 Bxa1 23. Rxa1 a5 24. a4 Rc5 25. Be5 bxa4 26. Rxa4 f6 27. Bb2 Qd7
28. h4 Kh7 29. h5 g4 30. Rxg4 Bxg4 31. Qxg4 Rg5 32. Qh3 f5 33. f4 Rg4 34. Qe3
Rfg8 35. Qf3 Rxg2+ 36. Qxg2 Rxg2+ 37. Kxg2 a4 38. Bc4 Qd6 39. Be5 Qc6+ 40. Kf2
a3 41. Bb3 a2 42. Bc4 Qa4 43. Bb3 a1=Q 44. Bxa1 Qxa1 45. Bxe6 Qd4+ 46. Ke2 Qxf4
47. Bb3 Qg4+ 0-1

[Event "Mechanics' Spring TNM; G/2"]
[Site "San Francisco"]
[Date "2017.04.04"]
[Round "4.40"]
[White "Cheng, Andrew Ys"]
[Black "Otterbach, Renate"]
[Result "1-0"]
[WhiteElo "1353"]
[BlackElo "1034"]
[PlyCount "75"]
[EventDate "2017.??.??"]

1. e4 e6 2. Nf3 d5 3. e5 c5 4. Bb5+ Bd7 5. Bxd7+ Nxd7 6. O-O Ne7 7. Re1 Nc6 8.
c3 Rc8 9. d4 cxd4 10. cxd4 Bb4 11. Nc3 O-O 12. a3 Ba5 13. b4 Bb6 14. Bg5 Qc7
15. Nb5 Qb8 16. Nd6 f6 17. Nxc8 Qxc8 18. exf6 Nxf6 19. Rc1 Qe8 20. Bxf6 Rxf6
21. Qd3 Rh6 22. Rc2 Qh5 23. h3 Rg6 24. Kf1 Rf6 25. Rce2 Nd8 26. Re5 Qf7 27.
R1e2 Rh6 28. Ng5 Qd7 29. R5e3 Qd6 30. Rg3 Nc6 31. Nf3 Rf6 32. b5 Ne7 33. Ne5
Nf5 34. Rg4 Bc7 35. Rf4 Qf8 36. Rf3 Bxe5 37. dxe5 Rg6 38. g4 1-0

[Event "Mechanics' Spring TNM; G/2"]
[Site "San Francisco"]
[Date "2017.03.21"]
[Round "2.25"]
[White "Cheng, Andrew Ys"]
[Black "Wonsever, James"]
[Result "0-1"]
[WhiteElo "1353"]
[BlackElo "1827"]
[PlyCount "60"]
[EventDate "2017.??.??"]

1. e4 e5 2. Nf3 Nc6 3. Bc4 Bc5 4. O-O Nf6 5. Nc3 O-O 6. h3 d6 7. Re1 Ne7 8. d3
c6 9. Bg5 Ng6 10. a3 h6 11. Be3 Bb6 12. Qd2 Bxe3 13. Qxe3 d5 14. exd5 cxd5 15.
Bxd5 Nxd5 16. Nxd5 Qxd5 17. Nxe5 Re8 18. d4 f6 19. c4 Qa5 20. b4 Qc7 21. c5
fxe5 22. d5 Qf7 23. Red1 Bd7 24. Rac1 Ba4 25. Rd2 Nf4 26. d6 Rad8 27. Rb2 a6
28. Rd2 Qf5 29. Kh2 Re6 30. g3 Qxh3+ 0-1

[Event "Mechanics' Summer TNM; G/2 d5"]
[Site "San Francisco"]
[Date "2017.06.27"]
[Round "6.12"]
[White "Clemens, Kristian"]
[Black "Askin, Michael"]
[Result "1/2-1/2"]
[WhiteElo "1833"]
[BlackElo "2072"]
[Annotator "Winslow"]
[PlyCount "52"]
[EventDate "2017.??.??"]

1. d4 d5 2. c4 c6 3. Nf3 Nf6 4. Nc3 e6 5. e3 Nbd7 6. Bd3 dxc4 7. Bxc4 b5 8. Bd3
a6 9. O-O (9. e4 c5 10. e5 (10. d5 c4) 10... cxd4 11. Nxb5 {are the "fun" lines
}) 9... c5 10. Qe2 Qb6 11. Rd1 Bb7 12. Bd2 Bd6 13. a4 b4 14. a5 Qa7 15. Na2
cxd4 16. Bxb4 Bxb4 17. Nxb4 dxe3 18. Qxe3 Qxe3 19. fxe3 O-O 20. Rac1 Rfb8 21.
Nc6 Bxc6 22. Rxc6 Rxb2 23. Bxa6 g5 24. Rc8+ Rxc8 25. Bxc8 Nc5 26. Nxg5 Ra2
1/2-1/2

[Event "Mechanics' Fall TNM; G/2 d5"]
[Site "San Francisco"]
[Date "2017.10.31"]
[Round "2.30"]
[White "Clemens, Kristian"]
[Black "Boldi, Nicholas"]
[Result "1/2-1/2"]
[WhiteElo "1938"]
[BlackElo "1355"]
[PlyCount "72"]
[EventDate "2017.??.??"]

1. d4 e6 2. c4 d5 3. Nc3 Nf6 4. Bg5 Bb4 5. Nf3 Nc6 6. e3 Bd6 7. cxd5 exd5 8.
Nxd5 Bxh2 9. Nxf6+ gxf6 10. Bxf6 Qxf6 11. Nxh2 Be6 12. Bb5 O-O-O 13. Bxc6 bxc6
14. Qf3 Qg7 15. Rc1 Bd5 16. Qg4+ Qxg4 17. Nxg4 Bxg2 18. Rh2 Bd5 19. Ne5 Kb7 20.
a3 Rd6 21. Kd2 Re8 22. Rxh7 Be4 23. Rh5 Rd5 24. Rc5 Rxc5 25. dxc5 Rd8+ 26. Kc3
Rd5 27. b4 f6 28. f3 Bxf3 29. Rh3 Bg2 30. Rg3 Rxe5 31. Rxg2 Rxe3+ 32. Kd4 Rxa3
33. Rf2 Rb3 34. Kc4 Rh3 35. Rxf6 Rh4+ 36. Kb3 Rh3+ 1/2-1/2

[Event "Mechanics' Fall TNM; G/2 d5"]
[Site "San Francisco"]
[Date "2017.12.05"]
[Round "7.14"]
[White "Clemens, Kristian"]
[Black "Chan, John"]
[Result "1-0"]
[WhiteElo "1938"]
[BlackElo "1647"]
[PlyCount "81"]
[EventDate "2017.??.??"]

1. Nf3 d5 2. d4 h6 3. c4 e6 4. Nc3 c6 5. e3 Nf6 6. Bd3 Qc7 7. O-O Be7 8. Qe2
Nbd7 9. Bd2 O-O 10. Rac1 Qd8 11. Rfd1 dxc4 12. Bxc4 b5 13. Bb3 Bb7 14. e4 a5
15. e5 Nh7 16. Ne4 Re8 17. a4 b4 18. Ng3 Nb6 19. Qe4 Bg5 20. Bc2 Nf8 21. Nxg5
hxg5 22. Bb3 Qe7 23. Qg4 Nh7 24. Ne4 f5 25. Qxf5 Nd5 26. Qg6 Rf8 27. Bxg5 Qe8
28. Qxe8 Rfxe8 29. Bh4 Nf4 30. Rd2 Ng6 31. Bg3 Re7 32. Nc5 Ng5 33. f4 Nh7 34.
f5 Ngf8 35. Bh4 g5 36. fxg6 Nxg6 37. Bxe7 Nxe7 38. Bxe6+ Kg7 39. Nxb7 Ng5 40.
Bb3 Ra7 41. Nc5 1-0

[Event "Mechanics' Spring TNM; G/2"]
[Site "San Francisco"]
[Date "2017.04.04"]
[Round "4.18"]
[White "Clemens, Kristian"]
[Black "Crofts, Jacob"]
[Result "1-0"]
[WhiteElo "1875"]
[BlackElo "1380"]
[PlyCount "123"]
[EventDate "2017.??.??"]

1. c4 e5 2. Nc3 Nf6 3. g3 Nc6 4. Bg2 Bc5 5. Nf3 d5 6. cxd5 Nxd5 7. Ne4 Be7 8.
O-O Bf5 9. Nc3 Nxc3 10. bxc3 e4 11. Ne1 Qd6 12. Qb3 Rb8 13. d3 exd3 14. Bf4 Qd7
15. exd3 O-O 16. Qb5 Bd6 17. Bxd6 cxd6 18. Nc2 Ne5 19. Qxd7 Nxd7 20. Rfd1 Nc5
21. Ne1 Rfe8 22. d4 Na4 23. Rdc1 Rec8 24. c4 Be6 25. Bf1 Nb6 26. d5 Bf5 27. Nf3
Rc5 28. Nd4 Bd7 29. Nb3 Rc7 30. c5 Nxd5 31. cxd6 Rc6 32. Rxc6 Bxc6 33. Nd4 Rd8
34. Rb1 g6 35. Nxc6 bxc6 36. Rb7 Rxd6 37. Rxa7 c5 38. Ra8+ Kg7 39. Rc8 Nb4 40.
a3 Rc6 41. Ra8 Na2 42. Bc4 Nc3 43. Ra7 Kh6 44. Rxf7 Nb1 45. a4 Nd2 46. Rf4 Nxc4
47. Rxc4 Kg5 48. f4+ Kf5 49. Kf2 Ke6 50. Ke3 Kd5 51. Rc1 Rb6 52. Kd2 c4 53. Ra1
Rb2+ 54. Kc3 Rb3+ 55. Kc2 Kc5 56. a5 Rb7 57. Re1 Ra7 58. Kc3 Kc6 59. Kxc4 Rxa5
60. Re7 Ra4+ 61. Kb3 Ra5 62. Rxh7 1-0

[Event "Mechanics' Winter TNM; G/2"]
[Site "San Francisco"]
[Date "2017.01.24"]
[Round "4.5"]
[White "Clemens, Kristian"]
[Black "Fuentes, Romulo C"]
[Result "0-1"]
[WhiteElo "1898"]
[BlackElo "2200"]
[PlyCount "108"]
[EventDate "2017.??.??"]

1. d4 Nf6 2. c4 e5 3. dxe5 Ng4 4. Nf3 Bc5 5. e3 Nc6 6. Nc3 O-O 7. Be2 Re8 8.
O-O Ngxe5 9. Ne4 Bf8 10. Ng3 Nxf3+ 11. Bxf3 Ne5 12. Be2 b6 13. b3 Bb7 14. Bb2
d6 15. Qc2 Qh4 16. Qf5 g6 17. Qf4 Qe7 18. Qd4 Bg7 19. Qd2 h5 20. f4 h4 21. fxe5
hxg3 22. hxg3 Bxe5 23. Bxe5 Qxe5 24. Rae1 Qxe3+ 25. Qxe3 Rxe3 26. Bf3 Rxe1 27.
Rxe1 Bxf3 28. gxf3 Kf8 29. Kf2 Re8 30. Rh1 Re5 31. Rh8+ Ke7 32. Rc8 Kd7 33. Rf8
Rf5 34. g4 Rf4 35. g5 a5 36. Ke3 Rf5 37. f4 Kc6 38. Rc8 d5 39. cxd5+ Rxd5 40.
Rf8 Rf5 41. Re8 Kd7 42. Re4 c5 43. a4 Rd5 44. Ke2 Rd6 45. Rc4 Ke6 46. Ke3 Kf5
47. Rc1 Rd4 48. Rc4 Rd1 49. Rc3 Rh1 50. Kf2 Rh4 51. Rd3 Rxf4+ 52. Kg3 Kxg5 53.
Rd5+ f5 54. Rd6 Rb4 0-1

[Event "Mechanics' Fall TNM; G/2 d5"]
[Site "San Francisco"]
[Date "2017.11.21"]
[Round "5.15"]
[White "Clemens, Kristian"]
[Black "Giridharan, Durgashankar"]
[Result "1-0"]
[WhiteElo "1938"]
[BlackElo "1484"]
[PlyCount "51"]
[EventDate "2017.??.??"]

1. Nf3 Nf6 2. c4 e6 3. d4 d5 4. Nc3 c6 5. Bg5 Nbd7 6. e3 Be7 7. Rc1 h6 8. Bh4
O-O 9. Bd3 dxc4 10. Bxc4 b5 11. Bd3 Bb7 12. O-O a6 13. Qe2 Qb6 14. Ne4 Rac8 15.
Rfd1 c5 16. dxc5 Nxc5 17. Nxc5 Rxc5 18. Rxc5 Qxc5 19. a3 Qc6 20. Qf1 g5 21. Bg3
Rc8 22. Nd4 Qc5 23. Nb3 Qb6 24. Be5 b4 25. Bd4 Qd6 $4 {Diagram [#]} 26. Bxf6
1-0

[Event "Mechanics' Summer TNM; G/2 d5"]
[Site "San Francisco"]
[Date "2017.07.18"]
[Round "8.9"]
[White "Clemens, Kristian"]
[Black "Ismakov, Arthur"]
[Result "0-1"]
[WhiteElo "1833"]
[BlackElo "2169"]
[PlyCount "78"]
[EventDate "2017.??.??"]

1. d4 b6 2. c4 Bb7 3. Nf3 e6 4. g3 Nf6 5. Bg2 c5 6. e3 Be7 7. Nc3 d5 8. Ne5 O-O
9. O-O h6 10. Qa4 Qc8 11. cxd5 exd5 12. Rd1 Qe6 13. Qb3 c4 14. Qc2 Nc6 15. Nxc6
Bxc6 16. b3 b5 17. bxc4 bxc4 18. a4 a5 19. Ba3 Bb4 20. e4 dxe4 21. Re1 Rfe8 22.
f3 Bxa3 23. Rxa3 Qd6 24. Nb1 Qxd4+ 25. Qf2 Qxf2+ 26. Kxf2 exf3 27. Rxe8+ Rxe8
28. Bxf3 Bxf3 29. Kxf3 Nd5 30. Ra2 c3 31. Rc2 Rb8 32. Rc1 Rb4 33. Ke2 Rxa4 34.
Kd3 Ra2 35. h4 Rg2 36. Ke4 c2 37. Na3 Rxg3 38. Nxc2 Nf6+ 39. Kf5 Rc3 0-1

[Event "Mechanics' Peter Grey TNM; G/2 d5"]
[Site "San Francisco"]
[Date "2017.09.19"]
[Round "7.11"]
[White "Clemens, Kristian"]
[Black "Khristoforov, Sergey"]
[Result "0-1"]
[WhiteElo "1902"]
[BlackElo "1940"]
[Annotator "Donaldson"]
[PlyCount "64"]
[EventDate "2017.??.??"]

1. d4 d5 2. Nf3 Nf6 3. c4 c6 4. Nc3 e6 5. e3 Nbd7 6. Bd3 Bd6 7. O-O O-O 8. b3
e5 9. dxe5 Nxe5 10. Nxe5 Bxe5 11. Qc2 dxc4 12. Bxc4 $4 (12. bxc4) 12... b5 13.
Be2 b4 14. Rd1 Qc7 15. Bb2 bxc3 16. Ba3 Rd8 17. Rxd8+ Qxd8 18. f4 Bc7 19. Qxc3
Qe8 20. Bf3 Bb7 21. Re1 Bb6 22. Bb2 Qf8 23. a4 a5 24. Kh1 Nd5 25. Qd3 Rd8 26.
Be4 Nf6 27. Qc2 Qb4 28. Bxh7+ Nxh7 29. Bc3 Qd6 30. g4 Qd3 31. Qb2 Qe4+ 32. Kg1
Bxe3+ 0-1

[Event "Mechanics' Winter TNM; G/2"]
[Site "San Francisco"]
[Date "2017.02.21"]
[Round "8.17"]
[White "Clemens, Kristian"]
[Black "Lesquillier, Walter"]
[Result "1-0"]
[WhiteElo "1898"]
[BlackElo "1693"]
[PlyCount "87"]
[EventDate "2017.??.??"]

1. d4 d5 2. c4 Nc6 3. Nf3 Bg4 4. e3 e5 5. dxe5 d4 6. Be2 Bb4+ 7. Bd2 dxe3 8.
fxe3 Nge7 9. O-O Bxd2 10. Nbxd2 Ng6 11. h3 Bxf3 12. Nxf3 Qe7 13. Qb3 O-O-O 14.
Rad1 Rxd1 15. Rxd1 Ngxe5 16. Rd5 Re8 17. Nd4 Nxd4 18. exd4 Nc6 19. Bg4+ Kb8 20.
Bf3 Qe3+ 21. Qxe3 Rxe3 22. Rd7 Re8 23. Bxc6 bxc6 24. Kf2 Rf8 25. Kf3 Kc8 26.
Re7 Kd8 27. Re5 Kd7 28. Rg5 Rg8 29. Ra5 Rb8 30. b3 Rb7 31. Rg5 g6 32. Ra5 h6
33. h4 Ke6 34. Ra6 Kd6 35. d5 Rb6 36. Rxa7 cxd5 37. cxd5 Rb5 38. Ra6+ Rb6 39.
Rxb6+ cxb6 40. Ke4 f5+ 41. Kd4 g5 42. h5 g4 43. Ke3 Kxd5 44. Kf4 1-0

[Event "Mechanics' Peter Grey TNM; G/2 d5"]
[Site "San Francisco"]
[Date "2017.08.29"]
[Round "4.17"]
[White "Clemens, Kristian"]
[Black "Marquez, Martin"]
[Result "1-0"]
[WhiteElo "1902"]
[BlackElo "1475"]
[PlyCount "83"]
[EventDate "2017.??.??"]

1. d4 d5 2. c4 Bf5 3. Nc3 e6 4. cxd5 exd5 5. Qb3 Nc6 6. Qxd5 Qxd5 7. Nxd5 O-O-O
8. Ne3 Nxd4 9. Bd2 Nf6 10. Nf3 Nxf3+ 11. gxf3 Be6 12. Bg2 g6 13. Bc3 Bg7 14.
Ng4 Nh5 15. Bxg7 Nxg7 16. e3 f5 17. Ne5 Rd5 18. f4 Ra5 19. a3 Bd5 20. f3 Bb3
21. Rc1 Re8 22. Rc3 Ba4 23. Kf2 Rd5 24. Re1 g5 25. e4 Rd2+ 26. Re2 Rxe2+ 27.
Kxe2 gxf4 28. Nf7 Bc6 29. Ng5 h6 30. Nf7 Re6 31. Bh3 Kb8 32. Kf2 Re7 33. Rd3 a5
34. Nd8 Be8 35. exf5 Nh5 36. Bg4 Nf6 37. Ne6 Bh5 38. Bh3 Bf7 39. Nxf4 c6 40.
Rd6 Ng8 41. f6 Re8 42. Kg3 1-0

[Event "Mechanics' Peter Grey TNM; G/2 d5"]
[Site "San Francisco"]
[Date "2017.08.15"]
[Round "2.15"]
[White "Clemens, Kristian"]
[Black "Morgan, Jerry D"]
[Result "1-0"]
[WhiteElo "1902"]
[BlackElo "1501"]
[Annotator "Donaldson"]
[PlyCount "109"]
[EventDate "2017.??.??"]

1. c4 f5 2. Nc3 Nf6 3. Nf3 g6 4. g3 Bg7 5. Bg2 O-O 6. d4 d6 7. Bf4 Qe8 8. Qd2
Nbd7 9. Bh6 e5 10. Bxg7 Kxg7 11. dxe5 dxe5 12. e4 Nc5 13. exf5 Bxf5 14. O-O Rd8
15. Qe3 Nd3 16. Nh4 Ng4 17. Qg5 Ngxf2 18. Nxf5+ Rxf5 19. Qe3 c6 20. Qxa7 Qf7
21. Ne4 Rd4 22. Nc5 Nxc5 23. Qxc5 Rxc4 24. Qe3 Rc2 25. b3 Qd7 26. a4 Qd4 27.
Rae1 Qd2 28. Qxd2 Rxd2 29. Re3 Nd3 30. Bh3 Rxf1+ 31. Bxf1 Rd1 $4 (31... Nb4 32.
Rxe5 Nd5 $11) 32. Rxd3 Rxd3 33. Bxd3 Kf6 34. Kf2 b6 35. b4 Ke6 36. Be4 Kd6 37.
Ke3 c5 38. b5 c4 39. Kd2 h6 40. h4 g5 41. hxg5 hxg5 42. Kc3 Kc5 43. g4 Kd6 44.
Kxc4 Ke6 45. a5 bxa5 46. Kc5 Kd7 47. Kd5 Kc7 48. Kxe5 Kb6 49. Bd3 Kc5 50. Kf6
a4 51. Kxg5 a3 52. Bb1 Kxb5 53. Kf6 Kb4 54. Ba2 Kc3 55. g5 1-0

[Event "Mechanics' Fall TNM; G/2 d5"]
[Site "San Francisco"]
[Date "2017.12.19"]
[Round "9.6"]
[White "Clemens, Kristian"]
[Black "Perepelitsky, Phil"]
[Result "0-1"]
[WhiteElo "1938"]
[BlackElo "2147"]
[PlyCount "48"]
[EventDate "2017.??.??"]

1. Nf3 d5 2. d4 Nf6 3. c4 c6 4. Nc3 dxc4 5. a4 Bf5 6. e3 e6 7. Bxc4 Bb4 8. O-O
O-O 9. Qe2 Nbd7 10. Rd1 Re8 11. h3 Qc7 12. e4 Bg6 13. e5 Nd5 14. Bd2 Bf8 15.
Nh4 Nb4 16. Nxg6 hxg6 17. Rac1 Nb6 18. Bb3 N6d5 19. Ne4 Qb6 20. Be3 Nxe3 21.
Qxe3 Nd5 22. Qf3 Be7 23. Rd3 Red8 24. Rcd1 Rd7 {The position is balanced, but
Black went on to win. Remaining moves unavailable.} 0-1

[Event "Mechanics' Peter Grey TNM; G/2 d5"]
[Site "San Francisco"]
[Date "2017.10.03"]
[Round "9.11"]
[White "Clemens, Kristian"]
[Black "Poling, Scott E"]
[Result "1-0"]
[WhiteElo "1902"]
[BlackElo "1837"]
[PlyCount "85"]
[EventDate "2017.??.??"]

1. Nf3 d5 2. d4 Nf6 3. c4 c6 4. e3 e6 5. Nc3 Nbd7 6. Bd2 Ne4 7. Bd3 Nxd2 8.
Qxd2 Be7 9. O-O O-O 10. Rac1 dxc4 11. Bxc4 b5 12. Bb3 Bb7 13. Rfd1 a6 14. Ne4
a5 15. a3 a4 16. Ba2 Qb6 17. Qc2 Rfc8 18. Nc5 Nxc5 19. dxc5 Qc7 20. Nd4 Qe5 21.
Nf3 Qc7 22. Qe4 Rd8 23. Nd4 Bf6 24. h4 Qe5 25. Bb1 g6 26. g3 Qc7 27. h5 Rd5 28.
hxg6 hxg6 29. Ba2 Re5 30. Qf4 Qe7 31. Rc2 Rh5 32. Qe4 Rxc5 33. Rxc5 Qxc5 34.
Bxe6 Qe7 35. Qxg6+ Kf8 36. Qh6+ Bg7 37. Qf4 Bxd4 38. Qxd4 Qxe6 39. Qh8+ Ke7 40.
Qh4+ Ke8 41. Rd4 c5 42. Qh8+ Ke7 43. Qh4+ {
Black's flag fell. White has nothing better than perpetual check on the board.}
1-0

[Event "Mechanics' Summer TNM; G/2 d5"]
[Site "San Francisco"]
[Date "2017.05.23"]
[Round "1.28"]
[White "Clemens, Kristian"]
[Black "Reed, Nicholas"]
[Result "1-0"]
[WhiteElo "1833"]
[BlackElo "1216"]
[PlyCount "39"]
[EventDate "2017.??.??"]

1. d4 d5 2. c4 e6 3. Nf3 c5 4. Nc3 Nc6 5. Bg5 f6 6. Bh4 h5 7. Qd3 g5 8. Qg6+
Ke7 9. Nxg5 Nh6 10. Nh7 Ng8 11. Nxf6 Kd6 12. Nb5+ Ke7 13. Nxg8+ Kd7 14. Bxd8
Nxd8 15. cxd5 exd5 16. Nf6+ Ke7 17. Nxd5+ Kd7 18. Nbc7 Ne6 19. Qxe6+ Kd8 20.
Qe8# 1-0

[Event "Mechanics' Fall TNM; G/2 d5"]
[Site "San Francisco"]
[Date "2017.11.07"]
[Round "3.33"]
[White "Clemens, Kristian"]
[Black "Revi, Frank"]
[Result "1-0"]
[WhiteElo "1938"]
[BlackElo "1232"]
[PlyCount "51"]
[EventDate "2017.??.??"]

1. Nf3 c5 2. c4 Nc6 3. Nc3 e6 4. g3 Nf6 5. Bg2 d5 6. cxd5 exd5 7. d4 Be6 8. O-O
Qc7 9. Bf4 Bd6 10. Nb5 Qd7 11. Nxd6+ Ke7 12. dxc5 b6 13. b4 Nh5 14. b5 Nxf4 15.
bxc6 Qxc6 16. gxf4 bxc5 17. f5 Bd7 18. Nxf7 Rhf8 19. N3e5 Qc7 20. Bxd5 Rae8 21.
Qc1 Rxf7 22. Nxf7 Kf8 23. f6 Be6 24. Bxe6 Rxe6 25. Ng5 Rxf6 26. Nxh7+ 1-0